Engineering economy (Record no. 1549)

000 -LEADER
fixed length control field 00674nam a22002294a 4500
001 - CONTROL NUMBER
control field 1549
003 - CONTROL NUMBER IDENTIFIER
control field BD-DhUET
008 - FIXED-LENGTH DATA ELEMENTS--GENERAL INFORMATION
fixed length control field 000424s2001 njua b 001 0 eng
020 ## - INTERNATIONAL STANDARD BOOK NUMBER
International Standard Book Number 013028128X
040 ## - CATALOGING SOURCE
Original cataloging agency DLC
Transcribing agency DLC
Modifying agency BD-DhUET
082 00 - DEWEY DECIMAL CLASSIFICATION NUMBER
Classification number 620.02
Item number THU/2001
100 ## - MAIN ENTRY--PERSONAL NAME
Personal name Thuesen, G. J.
245 10 - TITLE STATEMENT
Title Engineering economy
Statement of responsibility, etc. by G.J. Thuesen and W.J. Fabrycky
250 ## - EDITION STATEMENT
Edition statement 9th ed.
260 ## - PUBLICATION, DISTRIBUTION, ETC. (IMPRINT)
Place of publication, distribution, etc. New Jersy
Name of publisher, distributor, etc. Prentice Hall
Date of publication, distribution, etc. 2001
300 ## - PHYSICAL DESCRIPTION
Extent xiv, 637 p.
Other physical details ill.
Dimensions 25 cm.
490 ## - SERIES STATEMENT
Series statement Prentice hall international series in industrial and sytems engineering
504 ## - BIBLIOGRAPHY, ETC. NOTE
Bibliography, etc Includes bibliographies
650 #0 - SUBJECT ADDED ENTRY--TOPICAL TERM
Topical term or geographic name as entry element Engineering economy
700 1# - ADDED ENTRY--PERSONAL NAME
Personal name Fabrycky, W. J.
942 ## - ADDED ENTRY ELEMENTS (KOHA)
Koha item type General Book
Holdings
Koha issues (times borrowed) Piece designation (barcode) Source of classification or shelving scheme Koha date last seen Sublocation or collection (holding branch) Shelving location Not for loan Location (home branch) Damaged status Koha date last borrowed Date acquired Lost status Koha full call number Withdrawn status Koha item type Koha normalized classification for sorting Copy number Price effective from
 102596 2014-09-08Central Library, BUETCirculation section Central Library, BUET  2014-09-08 620.02/THU/2001 General Book620_000000000000000_02THU200112014-09-08
 102594 2014-09-08Central Library, BUETCirculation section Central Library, BUET  2014-09-08 620.02/THU/2001 General Book620_000000000000000_02THU200122014-09-08
1102590 2021-12-20Central Library, BUETCirculation section Central Library, BUET 2021-11-292014-09-08 620.02/THU/2001 General Book620_000000000000000_02THU200132014-09-08
 102595 2014-09-08Central Library, BUETCirculation section Central Library, BUET  2014-09-08 620.02/THU/2001 General Book620_000000000000000_02THU200142014-09-08
 102589 2014-09-08Central Library, BUETCirculation section Central Library, BUET  2014-09-08 620.02/THU/2001 General Book620_000000000000000_02THU200152014-09-08
 102588 2014-09-08Central Library, BUETCirculation section Central Library, BUET  2014-09-08 620.02/THU/2001 General Book620_000000000000000_02THU200162014-09-08
2102592 2022-04-16Central Library, BUETCirculation section Central Library, BUET 2022-03-212014-09-08 620.02/THU/2001 General Book620_000000000000000_02THU200182014-09-08
 102591 2014-09-08Central Library, BUETCirculation section Central Library, BUET  2014-09-08 620.02/THU/2001 General Book620_000000000000000_02THU200192014-09-08
 102593 2014-09-15Central Library, BUETCirculation section Central Library, BUET  2014-09-15 620.02/THU/2001 General Book620_000000000000000_02THU2001102014-09-15
3101877 2021-12-20Central Library, BUETCirculation section Central Library, BUET 2021-12-042014-09-27 620.02/THU/2001 General Book620_000000000000000_02THU2001112014-09-27
 112838 2014-10-19Central Library, BUETCirculation section Central Library, BUET  2014-10-19 620.02/THU/2001 General Book620_000000000000000_02THU2001122014-10-19
 101878 2014-11-23Central Library, BUETCirculation section Central Library, BUET  2014-11-23 620.02/THU/2001 General Book620_020000000000000_THU_2001132014-11-23